<?xml version="1.0" encoding="UTF-8"?>
<record
    xmlns:xsi="http://www.w3.org/2001/XMLSchema-instance"
    xsi:schemaLocation="http://www.loc.gov/MARC21/slim http://www.loc.gov/standards/marcxml/schema/MARC21slim.xsd"
    xmlns="http://www.loc.gov/MARC21/slim">

  <leader>01492cam a2200265 a 4500</leader>
  <controlfield tag="005">20161125084054.0</controlfield>
  <controlfield tag="008">021119s2002    ck ad   r     00010 spa d</controlfield>
  <datafield tag="040" ind1=" " ind2=" ">
    <subfield code="a">la </subfield>
    <subfield code="c">la</subfield>
    <subfield code="d">CO-BoIAVH</subfield>
  </datafield>
  <datafield tag="041" ind1="0" ind2=" ">
    <subfield code="a">spa</subfield>
  </datafield>
  <datafield tag="044" ind1=" " ind2=" ">
    <subfield code="a">ck</subfield>
  </datafield>
  <datafield tag="082" ind1="0" ind2="4">
    <subfield code="a">632.18 </subfield>
    <subfield code="b">C71m </subfield>
  </datafield>
  <datafield tag="110" ind1="1" ind2=" ">
    <subfield code="a">Colombia. </subfield>
    <subfield code="b">Ministerio del Medio Ambiente. </subfield>
    <subfield code="b">Direcci&#xF3;n General de Ecosistemas.</subfield>
  </datafield>
  <datafield tag="245" ind1="1" ind2="0">
    <subfield code="a">Manual t&#xE9;cnico para jefes de incendios forestales / </subfield>
    <subfield code="c">Ministerio del Medio Ambiente. Direcci&#xF3;n General de Ecosistemas ; colaboraci&#xF3;n Ministerio de Educaci&#xF3;n Nacional ... [et al.].</subfield>
  </datafield>
  <datafield tag="260" ind1=" " ind2=" ">
    <subfield code="a">[Bogot&#xE1;] : </subfield>
    <subfield code="b">Ediciones Aeci Cooperaci&#xF3;n para el Desarrollo, </subfield>
    <subfield code="c">[2002?].</subfield>
  </datafield>
  <datafield tag="300" ind1=" " ind2=" ">
    <subfield code="a">92 p&#xE1;ginas :</subfield>
    <subfield code="b">ilustraciones y tablas ;</subfield>
    <subfield code="c">24 x 17 cent&#xED;metros</subfield>
  </datafield>
  <datafield tag="500" ind1=" " ind2=" ">
    <subfield code="a">Formulaci&#xF3;n y puesta en marcha de los programas nacionales de capacitaci&#xF3;n e informaci&#xF3;n p&#xFA;blica en prevenci&#xF3;n y mitigaci&#xF3;n de incendios forestales en Colombia.</subfield>
  </datafield>
  <datafield tag="500" ind1=" " ind2=" ">
    <subfield code="a">Glosario : p&#xE1;ginas 85-88.</subfield>
  </datafield>
  <datafield tag="504" ind1=" " ind2=" ">
    <subfield code="a">Incluye referencias bibliogr&#xE1;ficas.</subfield>
  </datafield>
  <datafield tag="650" ind1="1" ind2="6">
    <subfield code="a">Incendios forestales</subfield>
    <subfield code="v">Gu&#xED;as, manuales, etc.</subfield>
    <subfield code="z">Colombia.</subfield>
  </datafield>
  <datafield tag="650" ind1="2" ind2="6">
    <subfield code="a">Prevenci&#xF3;n de incendios forestales.</subfield>
    <subfield code="v">Gu&#xED;as, manuales, etc.</subfield>
  </datafield>
  <datafield tag="650" ind1="2" ind2="6">
    <subfield code="a">Quema controlada</subfield>
    <subfield code="v">Gu&#xED;as, manuales, etc.</subfield>
  </datafield>
  <datafield tag="740" ind1="0" ind2="2">
    <subfield code="a">Formulaci&#xF3;n y puesta en marcha de los programas nacionales de capacitaci&#xF3;n e informaci&#xF3;n p&#xFA;blica en prevenci&#xF3;n y mitigaci&#xF3;n de incendios forestales en Colombia.</subfield>
  </datafield>
  <datafield tag="710" ind1="1" ind2=" ">
    <subfield code="a">Colombia</subfield>
    <subfield code="b">Ministerio de Educaci&#xF3;n Nacional</subfield>
  </datafield>
  <datafield tag="942" ind1=" " ind2=" ">
    <subfield code="2">ddc</subfield>
    <subfield code="c">LIBRO</subfield>
  </datafield>
  <datafield tag="999" ind1=" " ind2=" ">
    <subfield code="c">2656</subfield>
    <subfield code="d">2656</subfield>
  </datafield>
  <datafield tag="952" ind1=" " ind2=" ">
    <subfield code="0">0</subfield>
    <subfield code="1">0</subfield>
    <subfield code="2">ddc</subfield>
    <subfield code="4">0</subfield>
    <subfield code="7">0</subfield>
    <subfield code="8">GENERAL</subfield>
    <subfield code="I">INV2017</subfield>
    <subfield code="a">Bogota</subfield>
    <subfield code="b">Bogota</subfield>
    <subfield code="d">2002-06-07</subfield>
    <subfield code="e">Instituto</subfield>
    <subfield code="g">50000.00</subfield>
    <subfield code="l">0</subfield>
    <subfield code="o">LB-632.18  C71m</subfield>
    <subfield code="p">003247</subfield>
    <subfield code="r">2012-12-04 00:00:00</subfield>
    <subfield code="t">Ej. 1</subfield>
    <subfield code="w">2012-12-04</subfield>
    <subfield code="x">Donacion</subfield>
    <subfield code="y">LIBRO</subfield>
  </datafield>
</record>
